<?xml version="1.0" encoding="UTF-8"?>
<record
    xmlns:xsi="http://www.w3.org/2001/XMLSchema-instance"
    xsi:schemaLocation="http://www.loc.gov/MARC21/slim http://www.loc.gov/standards/marcxml/schema/MARC21slim.xsd"
    xmlns="http://www.loc.gov/MARC21/slim">

  <leader>01939nam a2200349uu 4500</leader>
  <controlfield tag="001">1581379</controlfield>
  <controlfield tag="005">20240903091719.0</controlfield>
  <controlfield tag="007">cr|||||||</controlfield>
  <controlfield tag="008">230314nuuuuuuuu                    eng  </controlfield>
  <datafield tag="035" ind1=" " ind2=" ">
    <subfield code="a">1581379</subfield>
  </datafield>
  <datafield tag="040" ind1=" " ind2=" ">
    <subfield code="c">comduadb</subfield>
  </datafield>
  <datafield tag="041" ind1=" " ind2=" ">
    <subfield code="a">eng</subfield>
  </datafield>
  <datafield tag="100" ind1="1" ind2="0">
    <subfield code="a">Hurtado Ram&#xED;rez, Elizabeth</subfield>
    <subfield code="4">aut</subfield>
    <subfield code="e">aut</subfield>
    <subfield code="9">822163</subfield>
  </datafield>
  <datafield tag="245" ind1="1" ind2="0">
    <subfield code="a">Promoting Collaborative Learning through Student Centered Approach with Project Work</subfield>
  </datafield>
  <datafield tag="260" ind1=" " ind2=" ">
    <subfield code="a">El Carmen de Viboral :</subfield>
    <subfield code="b">Autor(a),</subfield>
    <subfield code="c">2022.</subfield>
  </datafield>
  <datafield tag="300" ind1=" " ind2=" ">
    <subfield code="a">Archivo en Repositorio Institucional</subfield>
  </datafield>
  <datafield tag="520" ind1="3" ind2=" ">
    <subfield code="a">ABSTRACT : This study is an action research project carried out with high schoolers at Instituci&#xF3;n Educativa Josefina Mu&#xF1;oz Gonz&#xE1;lez; a public institution located in Rionegro, Antioquia. The aim of this project was to promote collaborative learning through project work. The actions consisted of the creation of a project, the implementation of collaborative learning in the classroom and collaborative evaluation. Data collection instruments included a teacher journal, a questionnaire, and two focus group interviews with the learners. Findings showed opportunities and challenges in collaborative learning, effectiveness of classroom routines, and increase in student participation</subfield>
  </datafield>
  <datafield tag="650" ind1=" " ind2=" ">
    <subfield code="a">Action research</subfield>
    <subfield code="9">81612</subfield>
  </datafield>
  <datafield tag="650" ind1=" " ind2=" ">
    <subfield code="a">Collaborative learning</subfield>
    <subfield code="9">180052</subfield>
  </datafield>
  <datafield tag="650" ind1=" " ind2=" ">
    <subfield code="a">Project work</subfield>
    <subfield code="9">166692</subfield>
  </datafield>
  <datafield tag="650" ind1=" " ind2=" ">
    <subfield code="a">Student participation</subfield>
    <subfield code="9">81458</subfield>
  </datafield>
  <datafield tag="650" ind1=" " ind2=" ">
    <subfield code="a">Aprendizaje colaborativo</subfield>
    <subfield code="9">111744</subfield>
  </datafield>
  <datafield tag="650" ind1=" " ind2="0">
    <subfield code="a">Ense&#xF1;anza y aprendizaje del idioma ingl&#xE9;s</subfield>
    <subfield code="9">78976</subfield>
  </datafield>
  <datafield tag="650" ind1=" " ind2="7">
    <subfield code="a">Investigaci&#xF3;n acci&#xF3;n</subfield>
    <subfield code="2">lemb</subfield>
    <subfield code="9">59249</subfield>
  </datafield>
  <datafield tag="650" ind1=" " ind2="7">
    <subfield code="a">Participaci&#xF3;n estudiantil</subfield>
    <subfield code="6">https://bibliotecadigital.udea.edu.co/handle/10495/35736</subfield>
    <subfield code="2"></subfield>
    <subfield code="9">53701</subfield>
  </datafield>
  <datafield tag="700" ind1="1" ind2="0">
    <subfield code="a">Franco Betancur, Natalia Isabel</subfield>
    <subfield code="4">ths</subfield>
    <subfield code="e">ths</subfield>
    <subfield code="9">643732</subfield>
  </datafield>
  <datafield tag="700" ind1="1" ind2="0">
    <subfield code="a">Herrera Carvajal, Carolina</subfield>
    <subfield code="4">ths</subfield>
    <subfield code="e">ths</subfield>
    <subfield code="9">561371</subfield>
  </datafield>
  <datafield tag="856" ind1="4" ind2=" ">
    <subfield code="u">https://bibliotecadigital.udea.edu.co/handle/10495/33916</subfield>
  </datafield>
  <datafield tag="942" ind1=" " ind2=" ">
    <subfield code="c">TESIS</subfield>
    <subfield code="n">0</subfield>
  </datafield>
  <datafield tag="999" ind1=" " ind2=" ">
    <subfield code="c">847700</subfield>
    <subfield code="d">847700</subfield>
  </datafield>
  <datafield tag="502" ind1=" " ind2=" ">
    <subfield code="b">10</subfield>
    <subfield code="c">3</subfield>
  </datafield>
  <datafield tag="526" ind1=" " ind2=" ">
    <subfield code="a">10</subfield>
  </datafield>
</record>
